Najdrożsi piłkarze na EURO 2024 - Statystyki

Ogólne statystyki
  • Ten quiz został rozwiązany 910 razy
  • Średni wynik to 7 z 11
Statystyki odpowiedzi
Hint Odpowiedź % Poprawnych
180 mln Kylian Mbappe
96%
180 mln Jude Bellingham
89%
100 mln Harry Kane
75%
150 mln Phil Foden
72%
120 mln Jamal Musiala
68%
140 mln Bukayo Saka
67%
130 mln Florian Wirtz
59%
120 mln Rodri
51%
120 mln Declan Rice
41%
100 mln Eduardo Camavinga
35%
100 mln Aurélien Tchouameni
23%
Nie znaleziono quizów pasujących do podanych kryteriów
Rozkład punktacji
Procent ludzi z każdym wynikiem
Percentyl według liczby udzielonych odpowiedzi
Twoja historia wyników
Nie rozwiązałeś tego quizu